| 000 | 00439nam a2200181Ia 4500 | ||
|---|---|---|---|
| 008 | 180424s9999 xx 000 0 und d | ||
| 020 | _a139737693 | ||
| 084 | _a621.381 5 F1:1 | ||
| 100 | _a"Floyd, Thomas L" | ||
| 245 | 0 | _aElectronic Devices | |
| 250 | _a\\199200ENGGPCX | ||
| 260 | _aPrentice Hall | ||
| 260 | _b1992 | ||
| 260 | _cEnglewood Cliffs | ||
| 300 | _a948p | ||
| 500 | _aincludes index and biblioraphy | ||
| 942 | _cBK | ||
| 999 |
_c83731 _d83731 |
||